000 00897nam a2200241Ia 4500
003 OSt
005 20221005112306.0
006 a|||||r|||| 00| 0
007 ta
008 221004b |||||||| |||| 00| 0 pan d
020 _a9788178563480 (hbk)
_c150
024 _a3891
037 _b750, 12/03/2013, Bright Book Service
_cTextual
040 _aCRL
_cCRL
_bpan
041 _2pan
_apan
082 _aR39(Q:1), 153Q2
100 _aਰੰਧਾਵਾ, ਬਲਜੀਤ
245 0 _aਮਿਥ ਅਤੇ ਚਿਹਨ ਵਿਗਿਆਨ
_b ਸਿਧਾਂਤ ਤੇ ਵਿਹਾਰ
260 _aਅੰਮ੍ਰਿਤਸਰ
_bਵਾਰਿਸ Fਾਹ ਖ਼ਾਉ੍ਵਡੇFਨ ਭਾਰਤ
_c2012
300 _a100ਪੰ
_ccm.
942 _hR39(Q:1), 153Q2
_cTEXL
_2cc
999 _c1024448
_d1024448